|
|
|
|
| LEADER |
00000csc a2200000 a 4500 |
| 001 |
8675-10 |
| 005 |
20230308205810.0 |
| 008 |
946082|1936 ||||||||r|||||||||||spa|| |
| 040 |
|
|
|b spa
|
| 041 |
1 |
|
|a spa
|
| 082 |
0 |
|
|a 909
|
| 100 |
1 |
|
|a Goetz, Walter
|9 272470
|
| 245 |
|
|
|a La Epoca del imperialismo: 1890-1933
|c Walter Goetz dir., trad. Manuel García Morente
|h imp
|
| 264 |
|
|
|a Madrid
|b Espasa Calpe
|c 1936
|
| 300 |
|
|
|a 720 páginas:
|c 26.5 cm
|
| 490 |
|
|
|a Historia Universal
|n tomo 10
|
| 504 |
|
|
|a incl. ref.
|
| 650 |
1 |
|
|a Imperialismo
|9 1215
|
| 650 |
1 |
|
|a Economia mundial
|9 12025
|
| 650 |
1 |
|
|a Guerra mundial
|9 40771
|
| 852 |
|
|
|a UC-CDJBV
|c TERCER PISO
|f Compra
|k margarita.gutierrez
|l 1
|m Limitada
|p 19460824
|q 150,00
|t 8675-10
|b 1
|d CDRC
|e CDRC
|g 909 TERCER PISO
|z 1946-60-82
|
| 942 |
|
|
|
| 999 |
|
|
|c 112831
|d 112831
|